Normal view
MARC view
- Rees, Siân,
Entry Nombre Personal
001 - NUMERO DE CONTROL
- campo de control: 44307
003 - IDENTIFICADOR DE NUMERO DE CONTROL
- campo de control: UPN
005 - FECHA Y HORA DE LA ÜLTIMA TRANSACCIÓN
- campo de control: 20220427095349.0
008 - DATOS DE LONGITUD FIJA
- campo de control de longitud fija: 220427|| aca||aabn | aaa d
040 ## - FUENTE DE CATALOGACIÓN
- Agencia original de catalogación: UPN
100 1# - ENCABEZAMIENTO - NOMBRE PERSONAL
- Nombre personal: Rees, Siân,
- Fechas asociadas con el nombre: 1965-
670 ## - FUENTE EN LA QUE SE LOCALIZARON DATOS
- Cita de la fuente: LC
680 ## - NOTA PUBLICA DE ACCESO PÚBLICO
- Frase explicativa de la referencia: Escritora e historiadora inglesa especialista en historia social y marítima de los siglos XVII y XVIII
902 ## - CATALOGADOR
- Catalogador: CAA/270422
